<The> Concise Oxford dictionary of current english

Salvato in:
Dettagli Bibliografici
Altri autori: Fowler, H.W, Fowler, F.G
Natura: Libro
Lingua:inglese
Pubblicazione: Oxford Clarendon Press 1969
Edizione:5. ed.
Tags: Aggiungi Tag
Nessun Tag, puoi essere il primo ad aggiungerne!!

MARC

LEADER 00000nam a2200000 4500
001 c122256
005 20230105072602.2
041 0 |a eng 
044 |a GB 
245 1 0 |a <The> Concise Oxford dictionary of current english  |c Ed. by H.W. Fowler and F.G. Fowler 
250 |a 5. ed. 
264 1 |a Oxford  |b Clarendon Press  |c 1969 
300 |a 1558 s. 
700 1 |a Fowler, H.W. 
700 1 |a Fowler, F.G.